Ley y reglamento de presupuestos : contabilidad provincial. [Llei i Reial Decret de Pressupostos i Comptabilitat Provincial, de 20 de setembre de 1865] contabilidad provincial. [Llei i Reial Decret de Pressupostos i Comptabilitat Provincial, de 20 de setembre de 1865]
Descripción Física:
508 f. ; 33 cm
MARC
| LEADER | 00000nam a2200000Ia 4500 | ||
|---|---|---|---|
| 001 | 11926 | ||
| 008 | 160829s1866 xx 000 0 cat d | ||
| 080 | |a FOL-1-205 | ||
| 100 | |a Espanya. Ley de Presupuestos |9 28104 | ||
| 245 | |a Ley y reglamento de presupuestos : |b contabilidad provincial. [Llei i Reial Decret de Pressupostos i Comptabilitat Provincial, de 20 de setembre de 1865] | ||
| 260 | |a Madrid : |b (Imp. Nacional), |c 1866 | ||
| 300 | |a 508 f. ; |c 33 cm | ||
| 650 | 0 | |a Pressupost |z Espanya |x Dret i legislació |9 28902 | |
| 901 | |a Arxiu | ||
| 942 | |n 1 | ||
| 952 | |0 0 |1 0 |4 0 |6 FOL1205 |7 1 |9 44671 |a Arxiu |b Arxiu |d 2016-12-01 |l 0 |o FOL-1-205 |p 11926 |r 2016-12-01 00:00:00 |w 2016-12-01 |y ARXIU | ||
| 999 | |c 47252 |d 47252 | ||